[Event "Benidorm op U2000 18th"]
[Site "Benidorm"]
[Date "2019.12.04"]
[Round "7"]
[White "Almonti, Alessandro"]
[Black "Cluyts, Marc"]
[Result "1/2-1/2"]
[WhiteElo "1989"]
[BlackElo "1915"]
[PlyCount "86"]
[EventDate "2019.11.29"]
[EventType "swiss"]
[EventRounds "10"]
[EventCountry "ESP"]
[SourceTitle "EXT 2022"]
[Source "ChessBase"]
[SourceDate "2021.10.06"]
[SourceVersion "1"]
[SourceVersionDate "2021.10.06"]
[SourceQuality "1"]

1. d4 d5 2. Nc3 Nf6 3. Bf4 Bf5 4. e3 e6 5. Nb5 Na6 6. a3 c6 7. Nc3 Qb6 8. Rb1 Be7 9. Nf3 0-0 10. Bd3 Bxd3 11. cxd3 c5 12. dxc5 Nxc5 13. b4 Ncd7 14. 0-0 Rfc8 15. Qb3 Nh5 16. Bg5 Bxg5 17. Nxg5 d4 18. Na4 Qb5 19. Nf3 dxe3 20. fxe3 Rc7 21. Nd4 Qe5 22. Rbe1 Rac8 23. Nf3 Qb5 24. Nd4 Qe5 25. Nf3 Qd6 26. d4 b6 27. Qb1 Qc6 28. Nb2 Qc3 29. Qa1 Nhf6 30. e4 Qb3 31. e5 Nd5 32. Ng5 Nf8 33. Rf3 Qc2 34. Ref1 Qg6 35. Nh3 Rc2 36. Nf2 R8c3 37. Rxc3 Nxc3 38. Nbd1 Ne2+ 39. Kh1 Qh5 40. Re1 Ng3+ 41. Kg1 Ne2+ 42. Kh1 Ng3+ 43. Kg1 Ne2+ 1/2-1/2

[Event "NATO-ch 30th"]
[Site "Berlin"]
[Date "2019.09.20"]
[Round "7.18"]
[White "Onley, David E"]
[Black "Almonti, Alessandro"]
[Result "0-1"]
[WhiteElo "2103"]
[BlackElo "1976"]
[PlyCount "80"]
[EventDate "2019.09.14"]
[EventType "team-swiss"]
[EventRounds "7"]
[EventCountry "GER"]
[SourceTitle "EXT 2020"]
[Source "ChessBase"]
[SourceDate "2019.10.17"]
[SourceVersion "1"]
[SourceVersionDate "2019.10.17"]
[SourceQuality "1"]
[WhiteTeam "Great Britain"]
[BlackTeam "Italy"]
[WhiteTeamCountry "GBR"]
[BlackTeamCountry "ITA"]

1. e4 d6 2. d4 Nf6 3. Nc3 c6 4. Be3 a6 5. h3 Nbd7 6. f4 Qa5 7. Qd2 e5 8. Bd3 Be7 9. Nf3 Qc7 10. 0-0-0 b5 11. fxe5 dxe5 12. dxe5 Nxe5 13. Nxe5 Qxe5 14. Bf4 Qc5 15. e5 Nd5 16. Ne4 Qb4 17. c3 Qa4 18. Bc2 Qxa2 19. Bg5 Bf5 20. Nd6+ Bxd6 21. Bxf5 Bxe5 22. Qe2 f6 23. Qh5+ Ke7 24. Rhe1 Qa1+ 25. Bb1 Kd6 26. Be3 Bxc3 27. Bf4+ Kc5 28. Re2 Kb6 29. Rxd5 cxd5 30. Qxd5 Bxb2+ 31. Rxb2 Rac8+ 32. Rc2 Rxc2+ 33. Kxc2 Rc8+ 34. Kd2 Qb2+ 35. Ke3 Qxb1 36. Qd4+ Ka5 37. Qd2+ Ka4 38. Kf3 Qb3+ 39. Kg4 Rc4 40. Qd6 a5 0-1

[Event "NATO-ch 26th"]
[Site "Amsterdam"]
[Date "2015.07.07"]
[Round "2.12"]
[White "Almonti, Alessandro"]
[Black "Papista, Akos"]
[Result "0-1"]
[WhiteElo "2012"]
[BlackElo "2139"]
[PlyCount "68"]
[EventDate "2015.07.06"]
[EventType "swiss"]
[EventRounds "7"]
[EventCountry "NED"]
[SourceTitle "EXT 2016"]
[Source "ChessBase"]
[SourceDate "2015.10.08"]
[SourceVersion "1"]
[SourceVersionDate "2015.10.08"]
[SourceQuality "1"]
[WhiteTeam "Italy"]
[BlackTeam "Hungary"]
[WhiteTeamCountry "ITA"]
[BlackTeamCountry "HUN"]

1. Nf3 d5 2. c4 c6 3. e3 Nf6 4. Nc3 e6 5. Qc2 Nbd7 6. b3 Bd6 7. Bb2 0-0 8. Rg1 dxc4 9. bxc4 e5 10. g4 Nc5 11. g5 Nh5 12. 0-0-0 Qe7 13. Ne4 Nxe4 14. Qxe4 f5 15. gxf6 Nxf6 16. Qh4 e4 17. Ng5 Ba3 18. f3 Bxb2+ 19. Kxb2 Qe5+ 20. Kb1 exf3 21. Bd3 Bf5 22. Bxf5 Qxf5+ 23. e4 Qd7 24. d4 f2 25. Rg2 Qxd4 26. Rf1 Qd3+ 27. Kb2 Qe2+ 28. Kb3 Qxf1 29. Rxf2 Qb1+ 30. Rb2 Qd3+ 31. Ka4 Qxc4+ 32. Ka3 Qa6+ 33. Kb3 Qd3+ 34. Ka4 b5+ 0-1

[Event "Recco op 6th"]
[Site "Recco"]
[Date "2012.10.28"]
[Round "4"]
[White "Almonti, Alessandro"]
[Black "Platino, Maurizio"]
[Result "1-0"]
[WhiteElo "1976"]
[BlackElo "1915"]
[PlyCount "79"]
[EventDate "2012.10.26"]
[EventType "swiss"]
[EventRounds "5"]
[EventCountry "ITA"]
[SourceTitle "EXT 2014"]
[Source "ChessBase"]
[SourceDate "2013.11.20"]
[SourceVersion "1"]
[SourceVersionDate "2013.11.20"]
[SourceQuality "1"]

1. d4 Nf6 2. Nc3 d5 3. Bg5 e6 4. e4 dxe4 5. Nxe4 Nbd7 6. Nf3 Be7 7. Bxf6 gxf6 8. g3 f5 9. Ned2 c5 10. Bg2 cxd4 11. Nxd4 Nf6 12. N2b3 e5 13. Nb5 Qb6 14. Qe2 a6 15. Nc3 e4 16. 0-0-0 Be6 17. Nd4 0-0-0 18. Nxe6 Qxe6 19. a3 Rd6 20. Rxd6 Bxd6 21. Rd1 Be5 22. Qd2 Qb6 23. Na4 Qb5 24. Qg5 Qxa4 25. Qxf5+ Nd7 26. Bh3 f6 27. Qxd7+ Qxd7 28. Rxd7 Kb8 29. Bf5 Re8 30. Rxh7 Bd4 31. Rh4 e3 32. fxe3 Bxe3+ 33. Kd1 Rd8+ 34. Bd3 Bg1 35. Ke2 Bd4 36. b3 Bc3 37. Rh7 Re8+ 38. Kf3 a5 39. a4 b6 40. g4 1-0

[Event "La Roda op 39th"]
[Site "La Roda"]
[Date "2012.04.04"]
[Round "1"]
[White "Korneev, Oleg"]
[Black "Almonti, Alessandro"]
[Result "1-0"]
[WhiteElo "2597"]
[BlackElo "2009"]
[PlyCount "75"]
[EventDate "2012.04.04"]
[EventType "swiss"]
[EventRounds "9"]
[EventCountry "ESP"]
[SourceTitle "CBM 147 Extra"]
[Source "ChessBase"]
[SourceDate "2012.04.24"]
[SourceVersion "1"]
[SourceVersionDate "2012.04.24"]
[SourceQuality "1"]

1. e4 d6 2. d4 Nf6 3. Nc3 e5 4. Nf3 Nbd7 5. Bc4 Be7 6. 0-0 h6 7. Re1 c6 8. a4 Qc7 9. Ba2 Nf8 10. h3 g5 11. Qd3 Rg8 12. Qc4 Ne6 13. Be3 g4 14. hxg4 Nxg4 15. dxe5 Nxe3 16. Rxe3 dxe5 17. Ne2 Bd7 18. Qc3 Bf6 19. Rd1 0-0-0 20. Red3 Nd4 21. Nexd4 exd4 22. Qc5 b6 23. Qh5 Bg4 24. Qxf7 Qxf7 25. Bxf7 Rg7 26. Bc4 c5 27. Re1 Re8 28. Nd2 Bg5 29. Nf1 Bf5 30. Ng3 Bg4 31. Kf1 Bf4 32. Nf5 Bxf5 33. exf5 Rxe1+ 34. Kxe1 Rxg2 35. Rf3 Rg1+ 36. Ke2 Be5 37. f6 d3+ 38. cxd3 1-0

[Event "NATO-ch 22nd"]
[Site "Kaunas"]
[Date "2011.08.11"]
[Round "6"]
[White "Almonti, Alessandro"]
[Black "Lukjanovas, Vladas"]
[Result "1-0"]
[WhiteElo "2022"]
[BlackElo "1893"]
[PlyCount "91"]
[EventDate "2011.08.08"]
[EventType "swiss"]
[EventRounds "7"]
[EventCountry "LTU"]
[SourceTitle "CBM 143 Extra"]
[Source "ChessBase"]
[SourceDate "2011.08.29"]
[SourceVersion "1"]
[SourceVersionDate "2011.08.29"]
[SourceQuality "1"]

1. c4 Nf6 2. g3 g6 3. Bg2 Bg7 4. Nc3 0-0 5. e4 e5 6. Nge2 c5 7. d3 d6 8. 0-0 Nh5 9. Rb1 Nc6 10. a3 a5 11. Nd5 Be6 12. Nec3 Nd4 13. b4 axb4 14. axb4 b6 15. Be3 Nf6 16. Nxf6+ Bxf6 17. Bxd4 exd4 18. Ne2 Bg5 19. h3 h5 20. f4 Bh6 21. Kh2 Ra2 22. Nc1 Ra7 23. Rf2 Qc8 24. bxc5 bxc5 25. Rb6 Qc7 26. Rfb2 h4 27. Qf3 hxg3+ 28. Kxg3 Qe7 29. Ne2 Ra3 30. Kh2 Bxc4 31. Qg4 Bxd3 32. Ng3 Ba6 33. Nf5 Bxf4+ 34. Qxf4 gxf5 35. Rxd6 f6 36. Rbb6 Bd3 37. exf5 Ra2 38. Qg4+ Qg7 39. Kg3 Bxf5 40. Bd5+ Kh8 41. Qxg7+ Kxg7 42. Bxa2 Ra8 43. Rxf6 Bc2 44. Bd5 Rd8 45. Rf7+ Kh8 46. Rh6+ 1-0

[Event "Milan Crespi op-A 31st"]
[Site "Milan"]
[Date "2010.12.11"]
[Round "9"]
[White "Almonti, Alessandro"]
[Black "Nicolo, Filippo"]
[Result "0-1"]
[WhiteElo "2033"]
[BlackElo "2060"]
[PlyCount "76"]
[EventDate "2010.12.04"]
[EventType "swiss"]
[EventRounds "9"]
[EventCountry "ITA"]
[SourceTitle "CBM 139 Extra"]
[Source "ChessBase"]
[SourceDate "2011.01.05"]
[SourceVersion "1"]
[SourceVersionDate "2011.01.05"]
[SourceQuality "1"]

1. c4 f5 2. g3 Nf6 3. Bg2 g6 4. Nc3 Bg7 5. d3 d6 6. e3 0-0 7. Nge2 e5 8. Rb1 g5 9. f4 h6 10. 0-0 a5 11. Bd2 Na6 12. Nd5 c6 13. Nxf6+ Bxf6 14. a3 Nc5 15. Bc3 a4 16. Bb4 exf4 17. d4 Ne4 18. gxf4 Re8 19. Qd3 Qe7 20. Rfe1 Bd7 21. Nc3 Kh8 22. Qd1 Nxc3 23. Bxc3 Qg7 24. Qd2 Rg8 25. Kh1 Rae8 26. Rg1 g4 27. Rbe1 h5 28. e4 fxe4 29. Rxe4 Bf5 30. Rxe8 Rxe8 31. Re1 Qf7 32. d5 Rxe1+ 33. Qxe1 Bd7 34. Bd2 c5 35. Bc1 Kg7 36. Be4 Qe7 37. Qe3 Bd4 38. Qd3 Bf5 0-1

[Event "Milan Crespi op-A 31st"]
[Site "Milan"]
[Date "2010.12.10"]
[Round "8"]
[White "Pedroni, Marco"]
[Black "Almonti, Alessandro"]
[Result "0-1"]
[WhiteElo "1989"]
[BlackElo "2033"]
[PlyCount "75"]
[EventDate "2010.12.04"]
[EventType "swiss"]
[EventRounds "9"]
[EventCountry "ITA"]
[SourceTitle "CBM 139 Extra"]
[Source "ChessBase"]
[SourceDate "2011.01.05"]
[SourceVersion "1"]
[SourceVersionDate "2011.01.05"]
[SourceQuality "1"]

1. e4 d6 2. d4 Nf6 3. Nc3 e5 4. dxe5 dxe5 5. Qxd8+ Kxd8 6. Nf3 Bd6 7. Bc4 Ke8 8. Bg5 a6 9. 0-0-0 Nbd7 10. h3 h6 11. Be3 Bb4 12. Nd5 Nxd5 13. Bxd5 Bd6 14. Nd2 f6 15. Nb3 Rb8 16. Ba7 Ra8 17. Be3 Bb4 18. c3 Be7 19. Na5 Rb8 20. Rd2 Bc5 21. Rhd1 Bxe3 22. fxe3 Nb6 23. Bxb7 Bxb7 24. Nxb7 Ke7 25. Nc5 a5 26. b3 Rhe8 27. Kc2 Kf7 28. c4 Re7 29. Na6 Ra8 30. Nc5 a4 31. Kc3 axb3 32. axb3 Nc8 33. Rd8 Nb6 34. Rxa8 Nxa8 35. Ra1 Nb6 36. Ra7 Nc8 37. Rb7 Nd6 38. Na6 0-1

[Event "Milan Crespi op-A 31st"]
[Site "Milan"]
[Date "2010.12.06"]
[Round "3"]
[White "Almonti, Alessandro"]
[Black "Borin, Fabio"]
[Result "1/2-1/2"]
[WhiteElo "2033"]
[BlackElo "2141"]
[PlyCount "81"]
[EventDate "2010.12.04"]
[EventType "swiss"]
[EventRounds "9"]
[EventCountry "ITA"]
[SourceTitle "CBM 139 Extra"]
[Source "ChessBase"]
[SourceDate "2011.01.05"]
[SourceVersion "1"]
[SourceVersionDate "2011.01.05"]
[SourceQuality "1"]

1. c4 e5 2. g3 Nc6 3. Nc3 f5 4. d3 Bb4 5. Bd2 Nf6 6. Bg2 a5 7. e3 0-0 8. Nge2 Kh8 9. 0-0 d6 10. a3 Bc5 11. Nd5 Nxd5 12. cxd5 Ne7 13. d4 exd4 14. exd4 Bb6 15. Bg5 h6 16. Bxe7 Qxe7 17. h4 Qf6 18. h5 Kg8 19. Qd2 f4 20. Nxf4 Bxd4 21. Ng6 Rf7 22. Ra2 Bb6 23. b4 Bg4 24. Nf4 Qg5 25. bxa5 Bxa5 26. Qc1 Re8 27. Qb1 Bb6 28. a4 Bf5 29. Qb3 Bc8 30. Qd3 Rfe7 31. Qg6 Bf5 32. Qxg5 hxg5 33. Ne6 Bg4 34. a5 Ba7 35. Nxg5 Bxh5 36. Rb2 Be2 37. Re1 Ba6 38. Rxe7 Rxe7 39. Ne6 Rf7 40. Rc2 Bd3 41. Rd2 1/2-1/2

[Event "Milan Crespi op-A 31st"]
[Site "Milan"]
[Date "2010.12.04"]
[Round "1"]
[White "Almonti, Alessandro"]
[Black "Paleologu, Vladimir"]
[Result "0-1"]
[WhiteElo "2033"]
[BlackElo "2193"]
[PlyCount "142"]
[EventDate "2010.12.04"]
[EventType "swiss"]
[EventRounds "9"]
[EventCountry "ITA"]
[SourceTitle "CBM 139 Extra"]
[Source "ChessBase"]
[SourceDate "2011.01.05"]
[SourceVersion "1"]
[SourceVersionDate "2011.01.05"]
[SourceQuality "1"]

1. c4 e5 2. g3 Nf6 3. Bg2 d5 4. cxd5 Nxd5 5. Nc3 Nb6 6. Nf3 Nc6 7. d3 Be7 8. a3 a5 9. 0-0 g5 10. Be3 f5 11. Na4 g4 12. Nd2 Nd5 13. Bc5 Nf6 14. Rc1 h5 15. Bxe7 Nxe7 16. Nc5 h4 17. Qb3 hxg3 18. hxg3 c6 19. Nc4 Nh5 20. Nxb7 Bxb7 21. Qxb7 Rb8 22. Bxc6+ Kf7 23. Qd7 Qxd7 24. Bxd7 Kf6 25. Kg2 Nd5 26. e3 Rhd8 27. Bc6 f4 28. Bxd5 Rxd5 29. Nxe5 Rxe5 30. gxf4 Reb5 31. Rc6+ Ke7 32. b4 Nf6 33. Rc5 Rxc5 34. bxc5 Rd8 35. d4 Ne4 36. Rb1 Ke6 37. Rb6+ Kd5 38. f3 gxf3+ 39. Kxf3 Nd2+ 40. Ke2 Nc4 41. Rh6 Re8 42. Rh5+ Ke4 43. c6 Rg8 44. Kf2 a4 45. Rc5 Kd3 46. c7 Nd6 47. Kf1 Kxe3 48. Rg5 Rc8 49. Rd5 Ne4 50. Rd7 Rg8 51. Re7 Kxd4 52. Rd7+ Ke3 53. Re7 Kxf4 54. Ke2 Rc8 55. Kd3 Nf6 56. Kc4 Kf5 57. Kc5 Ne8 58. Kb4 Kf6 59. Rd7 Nxc7 60. Kxa4 Ke6 61. Rd1 Rb8 62. Rd2 Nd5 63. Rh2 Kd6 64. Rc2 Ne3 65. Rc3 Nf5 66. Rb3 Ra8+ 67. Kb4 Nd4 68. Rh3 Nc2+ 69. Kc4 Nxa3+ 70. Kd3 Kc5 71. Rh5+ Kd6 0-1

[Event "Recco op-A 4th"]
[Site "Recco "]
[Date "2010.11.27"]
[Round "2"]
[White "Stoppa, Omar"]
[Black "Almonti, Alessandro"]
[Result "1-0"]
[WhiteElo "2258"]
[BlackElo "2033"]
[PlyCount "83"]
[EventDate "2010.11.26"]
[EventType "swiss"]
[EventRounds "5"]
[EventCountry "ITA"]
[SourceTitle "EXT 2012"]
[Source "ChessBase"]
[SourceDate "2011.11.24"]
[SourceVersion "1"]
[SourceVersionDate "2011.11.24"]
[SourceQuality "1"]

1. e4 d6 2. c3 Nf6 3. g3 c6 4. Bg2 e5 5. Ne2 Be7 6. 0-0 0-0 7. d4 Nbd7 8. a4 b6 9. Na3 Re8 10. Nc2 Bb7 11. a5 bxa5 12. Ne3 Ba6 13. Re1 Bf8 14. Qa4 Bb5 15. Qc2 c5 16. dxc5 Nxc5 17. Rd1 a4 18. g4 Rb8 19. Ng3 Rb6 20. g5 Nfd7 21. Nd5 Rc6 22. Bf1 Bxf1 23. Kxf1 a5 24. Be3 Qc8 25. Kg2 Qa6 26. h4 Qc4 27. h5 Rb8 28. g6 Rb3 29. h6 fxg6 30. hxg7 Kxg7 31. Rh1 Rc8 32. Rh4 Rcb8 33. Rah1 h5 34. Qd1 Nf6 35. Nxf6 Kxf6 36. Nxh5+ Ke7 37. Ng3 Kd7 38. Rh7+ Kc6 39. Bxc5 Qxc5 40. Qg4 Rd8 41. Qxg6 Rxb2 42. Qf7 1-0

[Event "Asti Alfieri Memorial 5th"]
[Site "Asti"]
[Date "2010.04.17"]
[Round "4"]
[White "Almonti, Alessandro"]
[Black "Fossati, Remigio"]
[Result "1/2-1/2"]
[WhiteElo "2038"]
[BlackElo "2201"]
[PlyCount "59"]
[EventDate "2010.04.16"]
[EventType "swiss"]
[EventRounds "5"]
[EventCountry "ITA"]
[SourceTitle "EXT 2024"]
[Source "ChessBase"]
[SourceDate "2023.10.10"]
[SourceVersion "1"]
[SourceVersionDate "2023.10.10"]
[SourceQuality "1"]

1. Nf3 Nf6 2. g3 g6 3. Bg2 Bg7 4. 0-0 0-0 5. d3 d5 6. Nbd2 c5 7. e4 Nc6 8. c3 e6 9. Re1 Rb8 10. Qe2 b6 11. Nf1 Ba6 12. e5 Nd7 13. Bf4 b5 14. d4 Qa5 15. Qd2 b4 16. Rec1 bxc3 17. bxc3 Rfc8 18. Bh6 cxd4 19. cxd4 Qxd2 20. Bxd2 Nb6 21. Rab1 Bd3 22. Rb3 Be4 23. Be3 Nc4 24. N1d2 Nxd2 25. Nxd2 Bxg2 26. Kxg2 Rxb3 27. Nxb3 Ne7 28. Rxc8+ Nxc8 29. Kf3 Kf8 30. Bd2 1/2-1/2

[Event "Milan Crespi op-A 30th"]
[Site "Milan"]
[Date "2009.12.10"]
[Round "7"]
[White "Almonti, Alessandro"]
[Black "Iudicello, Giovanni"]
[Result "0-1"]
[WhiteElo "2066"]
[BlackElo "2179"]
[PlyCount "60"]
[EventDate "2009.12.05"]
[EventType "swiss"]
[EventRounds "9"]
[EventCountry "ITA"]
[SourceTitle "EXT 2012"]
[Source "ChessBase"]
[SourceDate "2011.11.24"]
[SourceVersion "1"]
[SourceVersionDate "2011.11.24"]
[SourceQuality "1"]

1. c4 g6 2. Nc3 Bg7 3. e4 d6 4. g3 Nf6 5. Bg2 0-0 6. Nge2 e5 7. 0-0 Be6 8. d3 Qd7 9. Rb1 Bh3 10. b4 Nc6 11. Bg5 Bxg2 12. Kxg2 h6 13. Bxf6 Bxf6 14. Nd5 Bg7 15. b5 Nd8 16. f4 f5 17. exf5 gxf5 18. Qd2 Ne6 19. Rf3 c6 20. Ndc3 Rae8 21. bxc6 bxc6 22. Rd1 Re7 23. Rdf1 Ref7 24. Rb1 Kh7 25. Rf2 Re7 26. Rbf1 Nd4 27. Nxd4 exd4 28. Nd1 Rfe8 29. h3 Bf6 30. Rf3 Re2+ 0-1

[Event "Perugia op 1st"]
[Site "Perugia"]
[Date "2009.09.25"]
[Round "3"]
[White "Almonti, Alessandro"]
[Black "Caruso, Augusto"]
[Result "0-1"]
[WhiteElo "2065"]
[BlackElo "2240"]
[PlyCount "104"]
[EventDate "2009.09.25"]
[EventType "swiss"]
[EventRounds "5"]
[EventCountry "ITA"]
[SourceTitle "CBM 132 Extra"]
[Source "ChessBase"]
[SourceDate "2009.11.03"]
[SourceVersion "1"]
[SourceVersionDate "2009.11.03"]
[SourceQuality "1"]

1. d4 e6 2. Nf3 Nf6 3. e3 b6 4. Bd3 Bb7 5. Nbd2 d5 6. 0-0 Nbd7 7. b3 Ne4 8. Bb2 Bb4 9. Qc1 Bc3 10. Bxc3 Nxc3 11. Qb2 Ne4 12. c4 0-0 13. Rad1 Qe7 14. Qc2 f5 15. Ne5 Nxe5 16. dxe5 Rad8 17. cxd5 Nxd2 18. Rxd2 Rxd5 19. Bc4 Rxe5 20. Rfd1 f4 21. exf4 Rxf4 22. Rd8+ Rf8 23. Rxf8+ Qxf8 24. Qd2 Bd5 25. Bd3 c6 26. h3 Rh5 27. Re1 Qf6 28. Be4 Bxe4 29. Rxe4 Rd5 30. Qe1 Rd6 31. Re3 h6 32. Kh2 c5 33. Re4 Qf5 34. Qe3 Qf6 35. Rf4 Qg5 36. Qf3 Rd8 37. g3 Qd5 38. Qe3 e5 39. Re4 Qd3 40. Qxd3 Rxd3 41. Rxe5 Rd2 42. Kg2 Rxa2 43. Re7 Rb2 44. Kf3 Rxb3+ 45. Kg4 a5 46. f4 a4 47. Ra7 a3 48. h4 c4 49. h5 c3 50. Kf5 Kh7 51. Ra4 Rb5+ 52. Ke4 Ra5 0-1

[Event "Rome Petra-B 01st"]
[Site "Rome"]
[Date "2004.03.13"]
[Round "6"]
[White "Almonti, Alessandro"]
[Black "Di Lazzaro, Gabriele"]
[Result "1/2-1/2"]
[WhiteElo "1894"]
[BlackElo "1990"]
[PlyCount "127"]
[EventDate "2004.03.08"]
[EventType "tourn"]
[EventRounds "9"]
[EventCountry "ITA"]
[SourceTitle "CBM 099 Extra"]
[Source "ChessBase"]
[SourceDate "2004.05.04"]
[SourceVersion "1"]
[SourceVersionDate "2004.05.04"]
[SourceQuality "1"]

1. e4 c5 2. Nc3 Nc6 3. d3 g6 4. g3 Bg7 5. Bg2 e6 6. Be3 d6 7. Qd2 Rb8 8. Nf3 b5 9. d4 b4 10. Ne2 c4 11. 0-0 Nf6 12. Bh6 0-0 13. Bxg7 Kxg7 14. Ng5 Bb7 15. f4 h6 16. Nh3 Qb6 17. Nf2 Rbd8 18. c3 a5 19. h3 Qa7 20. Kh2 Qa8 21. Qe3 Ne7 22. g4 Nfg8 23. f5 exf5 24. gxf5 Nxf5 25. Qf4 Nfe7 26. Qg3 Nf6 27. d5 Neg8 28. Bf3 Qb8 29. Rg1 Rde8 30. Nd4 Ne7 31. Raf1 Nd7 32. Ng4 Ne5 33. Qh4 Nxg4+ 34. Bxg4 Ng8 35. Be2 Qc7 36. Qg3 Rxe4 37. Ne6+ Rxe6 38. dxe6 Ne7 39. exf7 Rxf7 40. Rxf7+ Kxf7 41. Qf4+ Kg7 42. Qd4+ Kh7 43. Qf4 Nf5 44. Bxc4 bxc3 45. bxc3 Qb6 46. Qd2 d5 47. Bd3 Qc7+ 48. Kg2 Qg3+ 49. Kf1 Ne3+ 50. Ke2 Qxg1 51. Qxe3 Qxe3+ 52. Kxe3 Kg7 53. h4 Kf6 54. c4 dxc4 55. Bxc4 Ke5 56. Be2 g5 57. hxg5 hxg5 58. Bg4 Bd5 59. a3 Be6 60. Be2 Kd5 61. Kd3 Bf5+ 62. Ke3 Ke5 63. Bf3 Be6 64. Bg2 1/2-1/2

[Event "Rome Petra-B 01st"]
[Site "Rome"]
[Date "2004.03.09"]
[Round "2"]
[White "Almonti, Alessandro"]
[Black "Pienabarca, Nicola"]
[Result "1-0"]
[WhiteElo "1894"]
[BlackElo "2077"]
[PlyCount "123"]
[EventDate "2004.03.08"]
[EventType "tourn"]
[EventRounds "9"]
[EventCountry "ITA"]
[SourceTitle "CBM 099 Extra"]
[Source "ChessBase"]
[SourceDate "2004.05.04"]
[SourceVersion "1"]
[SourceVersionDate "2004.05.04"]
[SourceQuality "1"]

1. e4 e6 2. d3 c5 3. Nc3 g6 4. Be3 d6 5. g3 Bg7 6. Bg2 Ne7 7. Qd2 Nbc6 8. Nf3 e5 9. 0-0 Nd4 10. Ne2 Nec6 11. c3 Nxf3+ 12. Bxf3 Bh3 13. Bg2 Qd7 14. Bh6 Bf6 15. f4 Bxg2 16. Kxg2 Qe7 17. Ng1 Rg8 18. Nh3 0-0-0 19. Bg5 Bxg5 20. fxg5 h6 21. gxh6 g5 22. Qf2 Rdf8 23. Qf5+ Kc7 24. Nf2 Rg6 25. Ng4 Qd8 26. Qf2 Qc8 27. h3 Qe6 28. Qf5 Qe8 29. Nf6 Qc8 30. Nd5+ Kb8 31. Qxc8+ Kxc8 32. Rf6 Rxf6 33. Nxf6 Rh8 34. h7 Kd8 35. Rf1 Ke7 36. Rf5 Nd8 37. Rxg5 Kxf6 38. Rg8 Rxh7 39. Rxd8 Ke6 40. Re8+ Kd7 41. Rf8 Kc6 42. c4 b5 43. g4 a6 44. Kg3 Kb6 45. Rd8 Kc7 46. Rf8 Kb6 47. g5 Ka5 48. Rd8 Rg7 49. h4 Rg6 50. Rd7 bxc4 51. dxc4 Kb4 52. b3 Ka3 53. Rxf7 Kxa2 54. Rf3 Ka3 55. Kg4 Kb4 56. h5 Rg8 57. g6 a5 58. Kg5 a4 59. bxa4 Kxc4 60. h6 Kd4 61. g7 Kxe4 62. Rf8 1-0

[Event "IECG L1.2000.0.00018 email"]
[Site "IECG email"]
[Date "2000.11.21"]
[Round "?"]
[White "Almonti, Alessandro"]
[Black "Sukhov, Nick"]
[Result "0-1"]
[WhiteElo "1904"]
[BlackElo "2100"]
[PlyCount "66"]
[EventDate "2000.11.21"]
[EventType "tourn (corr)"]
[EventRounds "14"]
[SourceTitle "Corr 2008"]
[Source "ChessBase"]
[SourceDate "2008.06.24"]
[SourceVersion "1"]
[SourceVersionDate "2008.06.24"]
[SourceQuality "1"]

1. d4 e6 2. Bf4 d5 3. Nf3 c5 4. e3 Qb6 5. Nc3 Bd7 6. Rb1 Nf6 7. Be2 Be7 8. 0-0 0-0 9. Ne5 cxd4 10. exd4 Nc6 11. Nxc6 Bxc6 12. Bd3 Rfd8 13. Ne2 Bb5 14. c3 Bxd3 15. Qxd3 Rac8 16. Bg5 Rc6 17. f4 h6 18. Bxf6 Bxf6 19. Kh1 Qa6 20. Qxa6 Rxa6 21. a3 g6 22. Ng1 Rc6 23. Nf3 a5 24. Ne1 h5 25. Nd3 b5 26. Ra1 Rdc8 27. g3 Rc4 28. Rfd1 Be7 29. Rac1 b4 30. cxb4 axb4 31. axb4 Bxb4 32. Kg2 Bf8 33. Kf3 Rb8 0-1